000 00254nam a2200109Ia 4500
008 200302s9999 xx 000 0 und d
100 _aWilliam Hall and Dan Cruickshank
245 _aBrick
260 _bPhaidon Press Ltd.
260 _c2015
300 _a217
999 _c3698
_d3698